logo

Bir Sreshtho Munshi Abdur Rouf Library
Jhenaidah Cadet College

শঙ্কিত আলোক / (Record no. 3582)

MARC details
000 -LEADER
fixed length control field 00745nam a2200229 a 4500
001 - CONTROL NUMBER
JCCL Control Number 3580
003 - CONTROL NUMBER IDENTIFIER
JCCL marc code BD-JhCC
005 - DATE AND TIME OF LATEST TRANSACTION
control field 20171115121732.0
008 - FIXED-LENGTH DATA ELEMENTS--GENERAL INFORMATION
fixed length control field 171111s1968 bg |||| |||| 000 0 ben d
035 ## - SYSTEM CONTROL NUMBER
system control number (BD-JhCC)3580
040 ## - CATALOGING SOURCE
Original cataloging agency BD-JhCC
Modifying agency BD-JhCC
041 ## - LANGUAGE CODE
Language code of Book ben
082 ## - DEWEY DECIMAL CLASSIFICATION NUMBER
Classification number 891.4415
Author mark and Year MON 1968
100 ## - MAIN ENTRY--PERSONAL NAME
Personal name মনিরুজ্জামান, মোহাম্মদ
245 ## - TITLE STATEMENT
Title শঙ্কিত আলোক /
Statement of responsibility, etc মোহাম্মদ মনিরুজ্জামান
260 ## - PUBLICATION, DISTRIBUTION, ETC. (IMPRINT)
Place of publication, distribution, etc ঢাকা :
Name of publisher, distributor, etc কথা কলি,
Date of publication, distribution, etc 1968.
300 ## - PHYSICAL DESCRIPTION
Pagination 56 p. :
Dimensions 21 cm.
490 ## - SERIES STATEMENT
Series statement Series in honour of the Martyrs of the language movement of February 1952.
650 ## - SUBJECT ADDED ENTRY--TOPICAL TERM
Topical term or geographic name as entry element Bengali Poetry
942 ## - ADDED ENTRY ELEMENTS (KOHA)
Source of classification or shelving scheme Dewey Decimal Classification
Koha item type Books
Holdings
Source of classification or shelving scheme Damaged status Not for loan Home library Current library Shelving location Date of accession Cost, normal purchase price Total Checkouts Full call number Barcode Date last seen Copy number Koha item type
Dewey Decimal Classification     JCC Rouf Library JCC Rouf Library General Stacks 12/06/2017 3.00   891.4415 MON 1968 5274 12/10/2017 C-1 Books

JCC Library | Contacts | JCC Home

Last Update on 23 September 2017
Copyright @ 2017-2020 JCC Rouf Library
Rouf Library, Jhenidah Cadet College (JCC), Bangladesh